Numerical analysis / (Record no. 193485)
[ view plain ]
| 000 -LEADER | |
|---|---|
| fixed length control field | 01304 a2200229 4500 |
| 003 - CONTROL NUMBER IDENTIFIER | |
| control field | Nust |
| 005 - DATE AND TIME OF LATEST TRANSACTION | |
| control field | 20221129111147.0 |
| 010 ## - LIBRARY OF CONGRESS CONTROL NUMBER | |
| LC control number | 92032192 |
| 020 ## - INTERNATIONAL STANDARD BOOK NUMBER | |
| International Standard Book Number | 0534932193 |
| 040 ## - CATALOGING SOURCE | |
| Transcribing agency | Nust |
| 082 00 - DEWEY DECIMAL CLASSIFICATION NUMBER | |
| Classification number | 519.4, BUR |
| 100 1# - MAIN ENTRY--PERSONAL NAME | |
| Personal name | Burden, Richard L. |
| 9 (RLIN) | 7191 |
| 245 10 - TITLE STATEMENT | |
| Title | Numerical analysis / |
| Statement of responsibility, etc. | Richard L. Burden, J. Douglas Faires. |
| 250 ## - EDITION STATEMENT | |
| Edition statement | 5th ed. |
| 260 ## - PUBLICATION, DISTRIBUTION, ETC. | |
| Place of publication, distribution, etc. | Boston : |
| Name of publisher, distributor, etc. | PWS-Kent Pub. Co., |
| Date of publication, distribution, etc. | c1993. |
| 300 ## - PHYSICAL DESCRIPTION | |
| Extent | xiv, 768 p. : |
| Other physical details | ill. (some col.) ; |
| Dimensions | 24 cm. |
| 440 #4 - SERIES STATEMENT/ADDED ENTRY--TITLE | |
| Title | The Prindle, Weber & Schmidt series in mathematics |
| 9 (RLIN) | 19448 |
| 505 ## - FORMATTED CONTENTS NOTE | |
| Formatted contents note | Mathematical Preliminaries (Page -1), Solutions of Equations in One Variable (Page-39), Interpolation and Polynomial Approximation (Page-95), Numerical Differentiation and Integration (Page-156), Initial Value Problems for Ordinary Differential Equations (Page-232), Direct Methods for Solving Linear Systems (Page-323), Iterative Techniques in Matrix Algebra (Page-389), Approximation Theory (Page-435), Approximating Eigen values (Page-497), Numerical Solutions of Nonlinear Systems of Equations (Page-543), Boundary Value Problems for Ordinary Differential Equations( Page-577), Numerical Solutions to partial Differential Equations (Page-622). |
| 650 #0 - SUBJECT ADDED ENTRY--TOPICAL TERM | |
| Topical term or geographic name entry element | Numerical analysis. |
| 9 (RLIN) | 103 |
| 700 1# - ADDED ENTRY--PERSONAL NAME | |
| Personal name | Faires, J. Douglas. |
| 9 (RLIN) | 7190 |
| 942 ## - ADDED ENTRY ELEMENTS (KOHA) | |
| Koha item type | Reference |
| Source of classification or shelving scheme | |
| Withdrawn status | Lost status | Source of classification or shelving scheme | Damaged status | Not for loan | Permanent Location | Current Location | Shelving location | Date acquired | Total Checkouts | Full call number | Barcode | Date last seen | Date last checked out | Price effective from | Koha item type | Public note |
|---|---|---|---|---|---|---|---|---|---|---|---|---|---|---|---|---|
| Military College of Signals (MCS) | Military College of Signals (MCS) | General Stacks | 12/12/2016 | 1 | 519.4, BUR | MCS26107 | 04/13/2026 | 02/27/2026 | 12/12/2016 | Book | Almirah No.14, Shelf No.3 |
